00743nam a2200217Ii 45000010005000000030009000050080041000140400033000550410008000880820019000961000017001152450028001322640060001603000012002203360026002323370028002583380027002869400050003139990017003639520145003806563CO-ViMGA241108s9999||||xx |||||||||||||| ||und|| aCO-ViMGAbspaerdacCO-ViMGA0 aunk04aCh861.44-N454r1 aPablo Neruda10aResidencia en la tierra 1a[Lugar de publicación no identificado] : Losada, 1958 avolumen atextbtxt2rdacontent aunmediatedbn2rdamedia avolumebnc2rdacarrier aidficha_siabuc: 6412. -- ficha_no_siabuc:6563 c54511d54511 001040708001aMEVIGERRbMEVIGERRcGENd2006-11-27hVol.1oCh861.44-N454rpECA6010r2024-11-26 10:41:29tEj.1w2024-11-26yBKz6412 | 8965